000 00679nam a2200241 a 4500
001 BRCA_6247
005 20190320205402.0
008 210711s1920----gw-abc####---#000-0#ger-#
041 _ager
044 _agw
050 4 _aSK255
_b.G4 S84
_c1920
100 1 _aSteinhardt, J.
_915688
245 1 0 _aVon wehrhaften Riesen und seinem Reichen
_cJ. Steinhardt.
260 _aHamburgo
_bAlster
_cc1920
300 _a224 p.
_bil., 21 fotografías, mapas
500 _aIncluye índice alfabético
500 _aK107
650 1 4 _aCaza
_915689
650 1 4 _aViajeros alemanes
_97026
651 4 _aÁfrica sudoccidental
_xDescrpción y viajes
_915690
902 _aGFM
942 _2lcc
_cB
999 _c5934
_d5934